| 000 | 00576nam a22001937a 4500 | ||
|---|---|---|---|
| 999 |
_c358270 _d358270 |
||
| 003 | IT-MiCISF | ||
| 005 | 20190503121649.0 | ||
| 008 | 190503b ||||| |||| 00| 0 eng d | ||
| 040 | _cIT-MiCISF | ||
| 041 | _ait | ||
| 100 |
_aRosci Elena _957825 |
||
| 245 |
_aLa maternità può attendere _bPerchè si può essere donna senza essere madre |
||
| 260 |
_aMilano _bMondadori _c2013 |
||
| 300 | _app. 182 | ||
| 500 | _adonna, maternità, servizi-infanzia, storia, rapporti-madre-figli, cultura, società | ||
| 650 |
_adonna _956116 |
||
| 654 | _asaggio | ||
| 942 |
_2ddc _cBK |
||